000
00319nam a22001457a 4500
003
SGT
020
_a
9786206651276
082
_a
617.601
_b
S23P
100
_a
Priyadarshi, Surbhi
245
_a
School Oral Health Programs
250
_a
1st
260
_b
Lambert Academic Pub.
_c
2023
300
_a
91
942
_2
ddc
_c
BK
999
_c
27064
_d
27064